Κατάλογος Βιβλιοθηκών Mediterranean College

Κανονική προβολή Προβολή MARC

Αναγραφή Θεματικός όρος

Αριθμός τεκμηρίων για: 1

001 - ΑΡΙΘΜΟΣ ΕΛΕΓΧΟΥ

  • Πεδίο ελέγχου: 10035

005 - ΗΜΕΡΟΜΗΝΙΑ - ΩΡΑ ΤΕΛΕΥΤΑΙΑΣ ΕΝΗΜΕΡΩΣΗΣ

  • Πεδίο ελέγχου: 20250828133352.0

008 - ΣΤΟΙΧΕΙΑ ΔΕΔΟΜΕΝΩΝ ΣΤΑΘΕΡΟΥ ΜΗΚΟΥΣ

  • Πεδίο ελέγχου σταθερού μήκους: 250828|| aca||babn | a|a d

040 ## - ΠΗΓΗ ΚΑΤΑΛΟΓΟΓΡΑΦΗΣΗΣ

  • Φορέας πρωτότυπης καταλογογράφησης: GR-AtMCL
  • Γλώσσα καταλογογράφησης: gre
  • Φορέας που τροποποιεί: GR-AtMCL
  • Κανόνες περιγραφής: AACR2

150 ## - ΕΠΙΚΕΦΑΛΙΔΑ – ΘΕΜΑΤΙΚΟΣ ΟΡΟΣ

  • Θεματικός όρος ή γεωγραφικό όνομα ως στοιχείο αναγραφής: Cognitive therapy

942 ## - KOHA INTERNAL USE

  • Τύπος καθιερωμένου αρχείου: TOPIC_TERM

MC Athens Campus Library
Πατησίων 94 & Κοδριγκτώνος 13, 104 34
Πελλήνης 8 & Πατησίων 107, 112 51
Τ: +30 210 8899600

MC Thessaloniki Campus Library
Ίωνος Δραγούμη 21, 54625 | Ίωνος Δραγούμη 15, 54625
Τ: +30 2310 287779 – Τ: +30 2314 440300